000 00446nam a2200181Ia 4500
005 20250603144848.0
008 250603s9999 xx 000 0 und d
020 _a9781032651750
050 _aJF 1525 .E47/
100 _aEdited by Amanda M. Olejarski and Sue M. Neal
245 0 _aEmpowering public administrators
260 _aNew York
260 _bRoutledge
260 _c2024
300 _a383 p
650 _aNew York
942 _cBK
999 _c40174
_d40174